| 000 | 00738nam a2200253 a 4500 | ||
|---|---|---|---|
| 001 | 64328 | ||
| 003 | BD-RjUL | ||
| 005 | 20211209081308.0 | ||
| 008 | 170213s1969 nyuc 001 0beng d | ||
| 035 | _a(BD-RjUL)64458 | ||
| 040 |
_aBGU _cBGU _dBD-RjUL _beng |
||
| 041 | _aeng | ||
| 082 |
_223 _a821.8092 _bBEA 1969 |
||
| 090 |
_aPR5581 _b.T38 1968 |
||
| 100 |
_a Benson, Arthur christopher _9190979 |
||
| 245 | 1 | 0 |
_aAlfred Tennyson / _cArthur christopher Benson |
| 260 |
_aNew york : _bGreenwood press, _c1969. |
||
| 300 |
_ax, 243 p. : _c22 cm. |
||
| 500 | _aIncludes index | ||
| 600 | 1 | 0 |
_aTennyson, Alfred Tennyson, _cBaron, _d1809-1892. _9186719 |
| 650 |
_aEnglish poetry _9179095 |
||
| 942 |
_2ddc _cBK |
||
| 999 |
_c64328 _d64328 |
||